000 00388nam a2200133Ia 4500
008 211109s9999||||xx |||||||||||||| ||und||
082 _a003
_bOSB-P
100 _aOsborne, Adam
245 0 _aPet/cbm Personal Computer Guide
260 _bNATIONAL BOOKSTALL
_aKottayam
630 _xGENERAL STACK
650 _aComputer science, information & general works
_vSystemsComputer
942 _cBOOK
999 _c42758
_d42758